Sebuah perspektif sejarah lembaga Islam di Indonesia

Bibliographic Details
Main Author: Noeh, Zaini Ahmad (Author)
Format: Book
Published: Bandung : Alma'arif , 1980
Subjects:

MARC

LEADER 00000cam a2200000 7i4500
001 0000006133
005 20031218093000.0
008 021119s1980
090 0 0 |a BP42   |b .I51 
100 0 |a Noeh, Zaini Ahmad ,   |e author 
245 0 0 |a Sebuah perspektif sejarah lembaga Islam di Indonesia   |c Zaini Ahmad Noeh 
260 2 |a Bandung :   |b Alma'arif ,   |c 1980 
300 |a 84 ms. ;   |c 18 sm. 
650 0 |a Islam   |z Indonesia 
999 |a 1000001235   |b Book   |c OPEN SHELF (30 DAYS)   |e Gong Badak Campus 
999 |a 1000001236   |b Book   |c OPEN SHELF (30 DAYS)   |e Gong Badak Campus